00716cam a2200217 a 450000100060000000300080000600500170001400800410003103500190007204000270009104100080011808200260012610000570015224500480020926000820025730000330033950400260037265000350039865000360043383000290046950985BD-RjUL20211209075608.0160829s1948 enkac b 000 0 eng  a(BD-RjUL)51105 aDLCcICUdBD-RjULbeng aeng00a362.941223bCOB 19481 aCole, G. D. H.q(George Douglas Howard),d1889-1959.10aBritish social services /cby G. D. H. Cole aLondon ;aNew York :bPub. for the British Council, by Longmans, Green,c1948 a41, [2] p. :bill. ;c22 cm. aIncludes Bibliography 0aPublic welfarezGreat Britain. 0aSocial securityzGreat Britain. aBritish life and thought